• 首页
  • 本馆介绍
  • 公告通知
  • 最新文献
  • 馆藏检索
  • 电子资源
  • 读者导购
  • 参考咨询
  • 我的图书馆
  • 登录
  • 详细信息显示
  • 放入我的书架
  • 预约/预借图书
  • 作者相关作品
  • 分类相关作品
  • 丛书相关作品
  • 出版社相关作品

书目信息

  • 表格格式
  • 工作单格式
  • 卡片格式
题名:
高校外语教学与研究
    
 
作者: 于德全 , 张旭 主编
分册: 第一辑  
出版信息: 长春   吉林人民出版社  2005
页数: 479页
开本: 26cm
丛书名:
单 册:
中图分类: H3-42 , H31-42
科图分类:
主题词: 外语教学--高等学校--文集 , 外语教学 , 英语
电子资源:
ISBN: 7-206-03071-8
000 00904nam0 2200301 45
001 012006041107
005 20070707153016.28
010    @a7-206-03071-8@dCNY75.00
092    @aCN@b490860
100    @a20060411d2005 em y0chiy0120 ea
101 0  @achi@aeng
102    @aCN@b220000
105    @ay z 000yy
200 1  @a高校外语教学与研究@9gao xiao wai yu jiao xue yu yan jiu@h第一辑@f于德全,张旭主编
205    @a2版
210    @a长春@c吉林人民出版社@d2005
215    @a479页@d26cm
320    @a有书目
330    @a本书一本关于语言与语言学、修辞学与文体学、翻译学、教学与应用语言学四方面的文集,供外语爱好者参考。
606 0  @a外语教学@x高等学校@j文集
606 0  @a外语教学
606 0  @a英语
690    @aH3-42@v4
690    @aH31-42@v3
701  0 @a于德全@9yu de quan@4主编
701  0 @a张旭@9zhang xu@4主编
801  0 @aCN@bLZJBOOK@c20070707
905    @a10447@dH31-42@e1134:1=2
    
    高校外语教学与研究.第一辑/于德全,张旭主编.-2版.-长春:吉林人民出版社,2005
    479页;26cm
    
    
    ISBN 7-206-03071-8:CNY75.00
    本书一本关于语言与语言学、修辞学与文体学、翻译学、教学与应用语言学四方面的文集,供外语爱好者参考。
●
相关链接 在E读中查询图书 在五车中查询图书 在当当中查询图书 在豆瓣中查询图书


正题名:高校外语教学与研究     索取号:H31-42/1134:1=2         预约/预借

序号 登录号 条形码 馆藏地/架位号 状态 备注
1 0563393   205633938   第二样本阅览室/ [索取号:H31-42/1134:1=2] 在馆    
2 0563394   205633947   第四借阅区/ [索取号:H31-42/1134:1=2] 在馆    
3 0563395   205633956   第四借阅区/ [索取号:H31-42/1134:1=2] 在馆    
4 0563396   205633965   第四借阅区/ [索取号:H31-42/1134:1=2] 在馆    
5 0563397   205633974   第四借阅区/ [索取号:H31-42/1134:1=2] 在馆    
6 0563398   205633983   第四借阅区/ [索取号:H31-42/1134:1=2] 在馆    
7 0563399   205633992   第四借阅区/ [索取号:H31-42/1134:1=2] 在馆    
8 0563400   205634009   第四借阅区/ [索取号:H31-42/1134:1=2] 在馆    
唐山师范学院图书馆 欢迎您!
大连网信软件有限公司© 版权所有